000 00391nam a22001457a 4500
020 _a1597490199
082 _222
_a005.43
100 _aMuller, Al ...[et al.].
245 _aVisualization with VMware Esx server /
260 _aUSA,
_bSybgress Publishing ,
_cc2005.
300 _axxiii, 463 p. ;
_bill. ;
700 _aSeburn, Mappe Don,
700 _aand Humphrey, Gary J.
942 _2ddc
_cIT
999 _c3906
_d3906